Financial innovations and market volatility

Uloženo v:
Podrobná bibliografie
Hlavní autor: Miller, Marton H.
Médium: Kniha
Jazyk:angličtina
Vydáno: Cambridge. Blackwell. 1991.
Témata:
Tagy: Přidat tag
Žádné tagy, Buďte první, kdo vytvoří štítek k tomuto záznamu!

MARC

LEADER 00000nam a22000005a 4500
001 14440
003 CL-ChBUA
005 20120815103521.0
008 070301s1991 xxu 000 0 eng
020 |a 1557862524 
040 |a CL-ChBUA  |c CL-ChBUA 
082 0 0 |a 332.63 
090 |c 14440  |d 14440 
100 1 |a Miller, Marton H. 
245 1 0 |a Financial innovations and market volatility 
260 |b Blackwell.  |a Cambridge.  |c 1991. 
300 |a 288 p.  |c 23 cm. 
504 |a Indice. 
650 4 |a FINANZAS. 
942 |c LIB 
952 |0 0  |1 0  |4 0  |7 0  |9 20286  |a UNACH  |b UNACH  |c 300  |d 2007-03-05  |i 33.610.  |l 0  |o 332.63 / M 647.  |p 21285  |r 2012-12-27 00:00:00  |u 20286  |w 2012-08-08  |y LIB  |k 332.63 / M 647. 
999 |c 14440  |d 14440